Statistieken voor Nederland - Gemeenten in Noord-Brabant

Klik hier om de quiz te nemen!

Algemene statistieken

  • Deze quiz is 144 keer genomen
  • De gemiddelde score is 26 van 67

Antwoordstatistieken

Antwoord% Correct
Eindhoven
97%
Tilburg
95%
Breda
92%
's-Hertogenbosch
89%
Roosendaal
78%
Oss
77%
Helmond
68%
Waalwijk
64%
Uden
61%
Bergen op Zoom
60%
Boxtel
59%
Vught
59%
Oisterwijk
57%
Baarle-Nassau
53%
Best
52%
Valkenswaard
51%
Veldhoven
51%
Etten-Leur
49%
Veghel
47%
Goirle
46%
Oosterhout
46%
Loon op Zand
43%
Oirschot
43%
Deurne
42%
Moerdijk
39%
Bladel
37%
Boxmeer
37%
Hilvarenbeek
36%
Asten
34%
Eersel
34%
Son en Breugel
34%
Cuijk
33%
Zundert
33%
Alphen-Chaam
32%
Heusden
32%
Sint-Michielsgestel
30%
Sint-Oedenrode
30%
Someren
29%
Waalre
29%
Dongen
28%
Heeze-Leende
28%
Nuenen, Gerwen en Nederwetten
28%
Schijndel
28%
Bergeijk
27%
Geldrop-Mierlo
26%
Rucphen
26%
Drimmelen
25%
Steenbergen
25%
Boekel
24%
Geertruidenberg
24%
Cranendonck
23%
Sint Anthonis
23%
Gemert-Bakel
22%
Gilze en Rijen
22%
Woensdrecht
22%
Mill en Sint Hubert
21%
Reusel-De Mierden
20%
Haaren
18%
Laarbeek
17%
Werkendam
17%
Halderberge
16%
Landerd
16%
Aalburg
14%
Bernheze
13%
Woudrichem
13%
Maasdonk
9%
Graven
4%

Scoreverdeling

Percentiel versus Aantal Correcte Antwoorden

Procent van Mensen met Elke Score

Uw Scoregeschiedenis

U heeft deze quiz nog niet genomen